Microsoft Exchange Server for Windows 2000 : planning, design and implementation (Record no. 6342)

000 -LEADER
fixed length control field 00686 a2200169 4500
020 ## - INTERNATIONAL STANDARD BOOK NUMBER
International Standard Book Number 1555582249
040 ## - CATALOGING SOURCE
Original cataloging agency DLC
082 00 - DEWEY DECIMAL CLASSIFICATION NUMBER
Classification number 005.713769
100 1# - MAIN ENTRY--PERSONAL NAME
Personal name Redmond, Tony,
245 10 - TITLE STATEMENT
Title Microsoft Exchange Server for Windows 2000 : planning, design and implementation
Remainder of title planning, design and implementation
Statement of responsibility, etc. Tony Redmond.
260 ## - PUBLICATION, DISTRIBUTION, ETC.
Place of publication, distribution, etc. Boston, Mass. ;
-- Oxford :
Name of publisher, distributor, etc. Digital,
Date of publication, distribution, etc. c2001.
300 ## - PHYSICAL DESCRIPTION
Extent xxii, 1048 p. :
Other physical details ill. ;
Dimensions 25 cm.
650 #0 - SUBJECT ADDED ENTRY--TOPICAL TERM
Topical term or geographic name entry element Client/server computing.
856 42 - ELECTRONIC LOCATION AND ACCESS
Materials specified Publisher description
Uniform Resource Identifier <a href="http://www.loc.gov/catdir/description/els031/2001265265.html">http://www.loc.gov/catdir/description/els031/2001265265.html</a>
856 42 - ELECTRONIC LOCATION AND ACCESS
Materials specified Table of contents
Uniform Resource Identifier <a href="http://www.loc.gov/catdir/toc/els031/2001265265.html">http://www.loc.gov/catdir/toc/els031/2001265265.html</a>
942 ## - ADDED ENTRY ELEMENTS (KOHA)
Koha item type Book
Call number prefix 005.713769 RED
Source of classification or shelving scheme
Holdings
Withdrawn status Lost status Damaged status Not for loan Collection code Permanent Location Current Location Shelving location Date acquired Source of acquisition Cost, normal purchase price Total Checkouts Full call number Barcode Date last seen Price effective from Koha item type
          Central Library (CL) Central Library (CL) General Stacks 03/14/2002 Pak Book Corporation 3633.70   005.713769 RED SEECS001939 11/14/2012 01/05/2017 Book
© 2023 Central Library, National University of Sciences and Technology. All Rights Reserved.